Regional disparities and development in India (Record no. 352276)

000 -LEADER
fixed length control field 00364cam a22001217a 4500
008 - FIXED-LENGTH DATA ELEMENTS--GENERAL INFORMATION
fixed length control field 180718b1984 xxu||||| |||| 00| 0 eng d
082 ## - DEWEY DECIMAL CLASSIFICATION NUMBER
Classification number T19x5444 R18
100 ## - MAIN ENTRY--PERSONAL NAME
Personal name Rao, Hemlata
245 ## - TITLE STATEMENT
Title Regional disparities and development in India
Statement of responsibility, etc. by Hemlata Rao
260 ## - PUBLICATION, DISTRIBUTION, ETC.
Place of publication, distribution, etc. New Delhi
Name of publisher, distributor, etc. Ashiah
Date of publication, distribution, etc. 1984
300 ## - PHYSICAL DESCRIPTION
Extent 366p.
650 ## - SUBJECT ADDED ENTRY--TOPICAL TERM
Topical term or geographic name entry element Economic development - India - Karnataka
Holdings
Withdrawn status Lost status Damaged status Not for loan Permanent Location Current Location Date acquired Full call number Barcode Date last seen Price effective from Koha item type
        Indian Institute of Public Administration Indian Institute of Public Administration 1993-11-22 T19x5444 R18 60119 2018-07-21 2018-07-21 Book

Powered by Koha